000
00275nam a2200133Ia 4500
008
090124s9999 xx 000 0 und d
082
_b
200764
245
_a
MORA
250
_a
0
260
_b
ANAND MULK RAJ
_c
1972
630
_a
MORA
730
_a
MORA
942
_c
BOOK
999
_c
182332
_d
182332